Civil engineering Materials (Record no. 4725)

MARC details
000 -LEADER
fixed length control field 00396nam a22001697a 4500
005 - DATE AND TIME OF LATEST TRANSACTION
control field 20160629150958.0
008 - FIXED-LENGTH DATA ELEMENTS--GENERAL INFORMATION
fixed length control field 160629b xxu||||| |||| 00| 0 eng d
020 ## - INTERNATIONAL STANDARD BOOK NUMBER
ISBN 81-88458-69-4
041 ## - LANGUAGE CODE
Language code of text/sound track or separate title eng
082 ## - DEWEY DECIMAL CLASSIFICATION NUMBER
Item number 12534
100 ## - MAIN ENTRY--AUTHOR NAME
Personal name Singh, Prakin
245 ## - TITLE STATEMENT
Title Civil engineering Materials
260 ## - PUBLICATION, DISTRIBUTION, ETC. (IMPRINT)
Name of publisher Katson
Year of publication 2012
300 ## - PHYSICAL DESCRIPTION
Number of Pages 273
650 ## - SUBJECT ADDED ENTRY--TOPICAL TERM
Topical Term Diploma Engineering
942 ## - ADDED ENTRY ELEMENTS (KOHA)
Koha item type Books
Holdings
Lost status Damaged status Home library Current library Shelving location Date acquired Cost, normal purchase price Full call number Accession Number Koha item type
    JRU Library   SHELF-45-G 29/06/2016 195.00 12534 12534 Books
    JRU Library   SHELF-45-G 29/06/2016 195.00 12534 12535 Books
    JRU Library   SHELF-45-F 29/06/2016 195.00 12534 12536 Books
    JRU Library   SHELF-45-F 29/06/2016 195.00 12534 12537 Books
    JRU Library   SHELF-45-F 29/06/2016 195.00 12534 12538 Books